000 01936nam0a2200433 4500
001 RU\NLR\bibl\379354
005 20260531112132.0
010 _a5-93272-113-8
_93000
021 _aRU
_b2002-65579
_93183
035 _a(NLR Aleph) 000373776
090 _a412131
_c412131
100 _a20030220d2002 |||y0rusy50 ca
101 0 _arus
102 _aRU
105 _ay |||||||||
200 1 _aИстория России
_eХрестоматия
_fМ-во образования Рос. Федерации, Нижегор. гос. техн. ун-т
_g[Сост. А. Я. Александрова и др.
_gПод науч. ред. Ю.К. Калистратова и А.Я. Александровой]
210 _aН. Новгород
_cНГТУ
_d2002
215 _a146 с.
_d20
320 _aБиблиогр. в тексте
607 _aСССР
_jХрестоматии
_xИстория
_9912491
_3RU\NLR\auth\6613829
607 _aРоссия
_jХрестоматии
_xИстория
_91554184
_3RU\NLR\auth\66979780
610 0 _aРоссия - История - Хрестоматии
610 0 _aСССР - История - Хрестоматии
610 0 _aРоссийская Федерация, история
675 _a94(47+57)(075.8)
_v3
_zrus
686 _a03.19
_2rugasnti
686 _a63.3(2)я73
_2rubbk
686 _aТ3(2)я73
702 1 _4220
_7ca
_8rus
_aАлександрова
_bА. Я.
_cканд. ист. наук
_gАнгелина Яковлевна
_9104260
_3RU\NLR\auth\77121335
702 1 _aКалистратов
_bЮ. К.
_4340
712 0 2 _4475
_aНижегородский государственный технический университет
_92645599
_3RU\NLR\AUTH\880617308
801 0 _aRU
_bRKP
_c20030220
_gPSBO
801 1 _aRU
_bRKP
_c20030220
801 2 _aRU
_bNLR
_c20130319
_grcr
942 _cBOOK
980 _aNB
980 _aNBR